Normal view
MARC view
Entry Meeting Name
001 - CONTROL NUMBER
- control field: 19664
003 - CONTROL NUMBER IDENTIFIER
- control field: OSt
005 - DATE AND TIME OF LATEST TRANSACTION
- control field: 20211105134424.0
008 - FIXED-LENGTH DATA ELEMENTS
- fixed length control field: 211105|| aca||aabn | a|a d
040 ## - CATALOGING SOURCE
- Original cataloging agency: OSt
- Transcribing agency: OSt
111 ## - HEADING--MEETING NAME
- Meeting name or jurisdiction name as entry element: International Conference on Solar Magnetic Fields
- Location of meeting: Freiburg, Germany
- Date of meeting or treaty signing: 1993 June 29-July 2
670 ## - SOURCE DATA FOUND
- Source citation: Work cat.: (OSt): International Conference on Solar Magnetic Fields Freiburg, Germany 1993 June 29-July 2, Solar magnetic fields, 1994